SATELLITE COMMINICATION SYSTEM ENGINNERING (Record no. 573473)
[ view plain ]
| 000 -LEADER | |
|---|---|
| fixed length control field | 00418nam a22001337a 4500 |
| 020 ## - INTERNATIONAL STANDARD BOOK NUMBER | |
| International Standard Book Number | )-13-791245-5 |
| 082 ## - DEWEY DECIMAL CLASSIFICATION NUMBER | |
| Classification number | 621.3825 PRI'S |
| 100 ## - MAIN ENTRY--PERSONAL NAME | |
| Personal name | PRITCHARD, W.L , SCIULL, JOSEPH.A |
| 9 (RLIN) | 65180 |
| 245 ## - TITLE STATEMENT | |
| Title | SATELLITE COMMINICATION SYSTEM ENGINNERING |
| 260 ## - PUBLICATION, DISTRIBUTION, ETC. | |
| Place of publication, distribution, etc. | ENGLEWOOD CLIFF |
| Name of publisher, distributor, etc. | PRENTICE HALL |
| Date of publication, distribution, etc. | 1986 |
| 300 ## - PHYSICAL DESCRIPTION | |
| Extent | XVI,399P |
| 650 ## - SUBJECT ADDED ENTRY--TOPICAL TERM | |
| Topical term or geographic name entry element | ARTIFICIAL INTELLIGENCE IN TELECOMMUNICATION-SYSTEM ENGINNERING |
| 9 (RLIN) | 65181 |
| 942 ## - ADDED ENTRY ELEMENTS (KOHA) | |
| Koha item type | Book |
| Withdrawn status | Lost status | Damaged status | Not for loan | Permanent Location | Current Location | Shelving location | Date acquired | Total Checkouts | Full call number | Barcode | Date last seen | Price effective from | Koha item type |
|---|---|---|---|---|---|---|---|---|---|---|---|---|---|
| College of Electrical & Mechanical Engineering (CEME) | College of Electrical & Mechanical Engineering (CEME) | General Stacks | 07/27/2017 | 621.3825 PRI'S | CEME-22926 | 06/28/2021 | 06/28/2021 | Book |
